000 00997nam1a22002051i 4500
001 rc\1171729
005 20240726064122.0
035 _a(NLR Aleph) 006433868
090 _a5573853
_c5573853
100 _a20041129d1980 u |0rusy50 ca
101 0 _arus
102 _aRU
105 _ay |||||||||
200 1 _aЭксплуатация кривошипных горячештамповочных прессов
_eМетод. разраб. по изучению курса "Кузнеч.-штамповоч. оборудование"
_fМ-во высш. и сред. спец. образования РСФСР, З-д-втуз при Моск. автомоб. з-де им. И.А. Лихачева. Каф. "Обраб. металлов давлением"
_g[Сост.: проф., к. т. н. Игнатов А.А., инж. Хлебников А.Ф.]
210 _aМ.
_cБ. и.
_d1980
215 _d20
801 0 _aRU
_bNLR
_gpsbo
801 1 _aRU
_bELAR
_2rusmarc
852 _aNLR
_j81-4/1451
942 _cBOOK